<?xml version="1.0" encoding="UTF-8"?>
<record
    xmlns:xsi="http://www.w3.org/2001/XMLSchema-instance"
    xsi:schemaLocation="http://www.loc.gov/MARC21/slim http://www.loc.gov/standards/marcxml/schema/MARC21slim.xsd"
    xmlns="http://www.loc.gov/MARC21/slim">

  <leader>00882nam a2200241Ia 4500</leader>
  <datafield tag="999" ind1=" " ind2=" ">
    <subfield code="c">36026</subfield>
    <subfield code="d">36026</subfield>
  </datafield>
  <controlfield tag="001">1925</controlfield>
  <controlfield tag="003">GE_BSU</controlfield>
  <controlfield tag="005">20221011154221.0</controlfield>
  <controlfield tag="008">181216s2006ru  xx |||||||||||||| ||rus||</controlfield>
  <datafield tag="020" ind1=" " ind2=" ">
    <subfield code="a">5932952474</subfield>
  </datafield>
  <datafield tag="040" ind1=" " ind2=" ">
    <subfield code="c">GE_BSU</subfield>
  </datafield>
  <datafield tag="041" ind1=" " ind2=" ">
    <subfield code="a">rus</subfield>
  </datafield>
  <datafield tag="080" ind1=" " ind2=" ">
    <subfield code="a">347.963(035)(100) &#x414;-60</subfield>
  </datafield>
  <datafield tag="100" ind1=" " ind2=" ">
    <subfield code="a">&#x414;&#x43E;&#x434;&#x43E;&#x43D;&#x43E;&#x432;, &#x412;.&#x41D;.</subfield>
    <subfield code="9">15244</subfield>
  </datafield>
  <datafield tag="245" ind1=" " ind2=" ">
    <subfield code="a">&#x41F;&#x440;&#x43E;&#x43A;&#x443;&#x440;&#x430;&#x442;&#x443;&#x440;&#x44B; &#x441;&#x442;&#x440;&#x430;&#x43D; &#x43C;&#x438;&#x440;&#x430; :</subfield>
    <subfield code="b">&#x421;&#x43F;&#x440;&#x430;&#x432;&#x43E;&#x447;&#x43D;&#x438;&#x43A; /</subfield>
    <subfield code="c">&#x412;.&#x41D;. &#x414;&#x43E;&#x434;&#x43E;&#x43D;&#x43E;&#x432;, &#x41F;&#x43E;&#x434;. &#x440;&#x435;&#x434;. &#x421;.&#x41F;. &#x429;&#x435;&#x440;&#x431;&#x44B;.</subfield>
  </datafield>
  <datafield tag="264" ind1=" " ind2=" ">
    <subfield code="a">&#x41C;&#x43E;&#x441;&#x43A;&#x432;&#x430; :</subfield>
    <subfield code="b">&#x42E;&#x440;&#x43E;&#x438;&#x442;&#x438;&#x43D;&#x444;&#x43E;&#x440;&#x43C;,</subfield>
    <subfield code="c">2006.</subfield>
  </datafield>
  <datafield tag="300" ind1=" " ind2=" ">
    <subfield code="a">320 &#x441;.:</subfield>
    <subfield code="b">19 &#x441;&#x43C;.</subfield>
  </datafield>
  <datafield tag="653" ind1=" " ind2=" ">
    <subfield code="a">&#x41F;&#x440;&#x43E;&#x43A;&#x443;&#x440;&#x430;&#x442;&#x443;&#x440;&#x44B; &#x441;&#x442;&#x440;&#x430;&#x43D; &#x43C;&#x438;&#x440;&#x430; .</subfield>
  </datafield>
  <datafield tag="653" ind1=" " ind2=" ">
    <subfield code="a">&#x10DB;&#x10E1;&#x10DD;&#x10E4;&#x10DA;&#x10D8;&#x10DD;&#x10E1; &#x10E5;&#x10D5;&#x10D4;&#x10E7;&#x10DC;&#x10D4;&#x10D1;&#x10D8;&#x10E1; &#x10DE;&#x10E0;&#x10DD;&#x10D9;&#x10E3;&#x10E0;&#x10D0;&#x10E2;&#x10E3;&#x10E0;&#x10D4;&#x10D1;&#x10D8;</subfield>
  </datafield>
  <datafield tag="653" ind1=" " ind2=" ">
    <subfield code="a">&#x10E1;&#x10D0;&#x10DB;&#x10D0;&#x10E0;&#x10D7;&#x10D0;&#x10DA;&#x10D8;</subfield>
  </datafield>
  <datafield tag="700" ind1=" " ind2=" ">
    <subfield code="a">&#x429;&#x435;&#x440;&#x431;&#x44B;,  &#x421;.&#x41F;. </subfield>
    <subfield code="e">&#x10E0;&#x10D4;&#x10D3;&#x10D0;&#x10E5;&#x10E2;&#x10DD;&#x10E0;&#x10D8;</subfield>
    <subfield code="9">15245</subfield>
  </datafield>
  <datafield tag="942" ind1=" " ind2=" ">
    <subfield code="c">BK</subfield>
    <subfield code="2">udc</subfield>
  </datafield>
  <datafield tag="952" ind1=" " ind2=" ">
    <subfield code="0">0</subfield>
    <subfield code="1">0</subfield>
    <subfield code="2">udc</subfield>
    <subfield code="4">0</subfield>
    <subfield code="6">347963035100_&#x414;60</subfield>
    <subfield code="7">0</subfield>
    <subfield code="9">34752</subfield>
    <subfield code="a">CPL</subfield>
    <subfield code="b">CPL</subfield>
    <subfield code="c">GEN</subfield>
    <subfield code="d">2018-12-17</subfield>
    <subfield code="g">8.00</subfield>
    <subfield code="o">347.963(035)(100) &#x414;-60</subfield>
    <subfield code="p">3948</subfield>
    <subfield code="r">2018-12-17</subfield>
    <subfield code="t">3948</subfield>
    <subfield code="w">2018-12-17</subfield>
    <subfield code="y">BK</subfield>
    <subfield code="z">8.00</subfield>
  </datafield>
</record>
